• 首页
  • 本馆介绍
  • 公告通知
  • 最新文献
  • 馆藏检索
  • 电子资源
  • 读者荐购
  • 参考咨询
  • CALIS
  • 我的图书馆
  • 登录
  • 详细信息显示
  • 放入我的书架
  • 预约/预借图书
  • 作者相关作品
  • 分类相关作品
  • 丛书相关作品
  • 出版社相关作品

书目信息

  • 表格格式
  • 工作单格式
  • 卡片格式
题名:
情感教育---一个青年人的故事
    
 
作者: 福楼拜 著
分册:  
出版信息: 北京   人民文学出版社  1998.10
页数:
开本:
丛书名:
单 册:
中图分类: I565.4
科图分类:
主题词: 文学
电子资源:
ISBN: 7-02-000211-0
 
 
 
 
 
000 00548nam0 2200181 45
001 0009262175
005 20001022093013.0
010    @a7-02-000211-0@d23.00元
100    @a20000926d1998 km y0chiy0120 ea
101 0  @achi
105    @a z 000yy
200 1  @a情感教育---一个青年人的故事@AQing Gan Jiao Yu---YiGe Qing Nian Ren De Gu Shi@f(法)福楼拜著@F(Fa)Fu LouBai Zhu
210    @a北京@c人民文学出版社@d1998.10
606 0  @a文学
690    @aI565.4@v3
701  0 @a福楼拜@4著
801    @aCN@bPftUser@c20000926
905    @dI565.4@eF037@b181525-529@f5
    
    情感教育---一个青年人的故事/(法)福楼拜著.-北京:人民文学出版社,1998.10
    
    
    
    ISBN 7-02-000211-0:23.00元
    
●
相关链接 在E读中查询图书 在当当中查询图书 在豆瓣中查询图书


正题名:情感教育---一个青年人的故事     索取号:I565.4/F037         预约/预借

序号 登录号 条形码 馆藏地/架位号 状态 备注
1 181525   201815250   社科二线400B/400B社科库 30排2列1层/ [索取号:I565.4/F037] 在馆    
2 181526   201815269   文学库116/ [索取号:I565.4/F037] 在馆    
3 181527   201815278   社科二线422/422社科库 27排4列3层/ [索取号:I565.4/F037] 在馆    
4 181528   201815287   社科二线400B/400B社科库 30排1列1层/ [索取号:I565.4/F037] 在馆    
5 181529   201815296   文学库116/116文学库 22排6列6层/ [索取号:I565.4/F037] 在馆    
河南城建学院图书馆 欢迎您!
大连网信软件有限公司© 版权所有